Направление развития управления качеством; Неразрушающий контроль: электронное приборостроение, технологии, безопасность; Т. 1

Bibliografiske detaljer
Parent link:Неразрушающий контроль: электронное приборостроение, технологии, безопасность: сборник трудов III Всероссийской научно-практической конференции студентов, аспирантов и молодых учёных, Томск, 27-31 мая 2013 г./ Национальный исследовательский Томский политехнический университет (ТПУ).— , 2013
Т. 1.— 2013.— [С. 98-99]
Hovedforfatter: Шлякова Н. Н.
Institution som forfatter: Национальный исследовательский Томский политехнический университет (ТПУ) Институт неразрушающего контроля (ИНК) Кафедра физических методов и приборов контроля качества (ФМПК)
Andre forfattere: Редько Л. А. Людмила Анатольевна (научный руководитель)
Summary:Заглавие с титульного экрана
Sprog:russisk
Udgivet: 2013
Serier:Современные системы и технологии в неразрушающем контроле
Fag:
Online adgang:http://www.lib.tpu.ru/fulltext/c/2013/C36/V1/029.pdf
Format: MixedMaterials Electronisk Book Chapter
KOHA link:https://koha.lib.tpu.ru/cgi-bin/koha/opac-detail.pl?biblionumber=603320

MARC

LEADER 00000naa2a2200000 4500
001 603320
005 20260227093120.0
035 |a (RuTPU)RU\TPU\conf\504 
035 |a RU\TPU\conf\503 
090 |a 603320 
100 |a 20140110d2013 k y0rusy50 ca 
101 0 |a rus 
102 |a RU 
135 |a drnn ---uucaa 
181 0 |a i  
182 0 |a b 
200 1 |a Направление развития управления качеством  |f Н. Н. Шлякова  |g науч. рук. Л. А. Редько 
203 |a Текст  |c электронный 
225 1 |a Современные системы и технологии в неразрушающем контроле 
300 |a Заглавие с титульного экрана 
320 |a [Библиогр.: с. 99 (2 назв.)] 
337 |a Adobe Reader 
461 1 |0 (RuTPU)RU\TPU\conf\33  |t Неразрушающий контроль: электронное приборостроение, технологии, безопасность  |o сборник трудов III Всероссийской научно-практической конференции студентов, аспирантов и молодых учёных, Томск, 27-31 мая 2013 г.  |o в 2 т.  |f Национальный исследовательский Томский политехнический университет (ТПУ)  |d 2013 
463 1 |0 (RuTPU)RU\TPU\conf\34  |t Т. 1  |v [С. 98-99]  |d 2013 
610 1 |a труды учёных ТПУ 
610 1 |a электронный ресурс 
610 1 |a структурные неоднородности 
610 1 |a управление качеством 
610 1 |a системные подходы 
610 1 |a менеджмент качества 
700 1 |a Шлякова  |b Н. Н. 
702 1 |a Редько  |b Л. А.  |c специалист в области качества  |c доцент Томского политехнического университета, кандидат технических наук  |f 1978-  |g Людмила Анатольевна  |4 727 
712 0 2 |a Национальный исследовательский Томский политехнический университет (ТПУ)  |b Институт неразрушающего контроля (ИНК)  |b Кафедра физических методов и приборов контроля качества (ФМПК)  |3 (RuTPU)RU\TPU\col\18709 
801 2 |a RU  |b 63413507  |c 20140206  |g RCR 
856 4 |u http://www.lib.tpu.ru/fulltext/c/2013/C36/V1/029.pdf 
942 |c BK